00775nam a2200193Ia 4500999001700000082001800017100002200035245012700057260003800184300001000222650003300232650003000265650002500295650004400320650005400364650003700418942000700455952011900462 c22864d22864 a351.082 CHA-; aChaturvedi, Geeta 0aWomen administrators of India: a study of the socio-economic background and attitudes of women administrators of Rajasthan aJaipurbR.B.S.A. Publishersc1985 a328p. aWomen - Sociological aspects aWomen studies - Rajasthan aWomen administrators aWomen administrators - Economic aspects aWomen administrators - Social aspects - Rajasthan aWomen in development - Rajasthan cBK 00104070aNASSDOCbNASSDOCd2004-06-08i2004-10-22l0o351.082 CHA-;p26927r2019-04-18 00:00:00w2019-04-18yBK